| 000 | 00653nam a2200253Ia 4500 | ||
|---|---|---|---|
| 008 | 181129s9999 xx 000 0 und d | ||
| 020 | _a9780545655873 | ||
| 050 | _bB988 2011 | ||
| 100 | _aButterworth, Chris | ||
| 245 | 0 | _aHow did that get in my lunchbox? : | |
| 245 | 4 | _bthe story of food / | |
| 245 | 0 | _cby Chris Butterworth ; illustrated by Lucia Gaggiotti. | |
| 260 | _aNew York, NY : | ||
| 260 | _bScholastic, | ||
| 260 | _c2011 | ||
| 300 | _a25 pages : | ||
| 300 | _bcolor illustrations ; | ||
| 300 | _c23cm. | ||
| 500 | _a870L | ||
| 650 | _aFood. | ||
| 650 | _aNutrition. | ||
| 700 | _aGaggiotti, Lucia. | ||
| 700 | _aTitle. | ||
| 999 |
_c359847 _d359847 |
||